Harry Potter e la Camera dei Segreti - Capitoli - Statistics

Statistiche generali
  • Questo quiz è stato fatto 57 volte
  • Il punteggio medio è 11 su 18
Statistiche sulle risposte
Titolo % Corretto
16 La Camera dei Segreti
96%
6 Gilderoy Allock
79%
3 La Tana
75%
15 Aragog
71%
12 La Pozione Polisucco
71%
17 L'erede di Serpeverde
71%
5 Il Platano Picchiatore
67%
1 Il peggior compleanno
63%
9 La scritta sul muro
58%
2 L'avvertimento di Dobby
58%
4 Alla libreria "Il Ghirigoro"
54%
14 Cornelius Caramel
54%
10 Il bolide fellone
54%
11 Il Club dei Duellanti
54%
13 Il diario segretissimo
54%
8 La festa di Complemorte
54%
18 Un premio per Dobby
54%
7 Mezzosangue e mezze voci
50%
Nessun quiz corrispondente trovato
Distribuzione punteggi
Percentuale di utenti per punteggio
Percentile per numero di risposta
I tuoi punteggi nel tempo
Non hai fatto questo quiz